قانون التأمين الاجتماعى : (Record no. 17528)
[ view plain ]
| 000 -LEADER | |
|---|---|
| fixed length control field | 00990nac a22001811u 4500 |
| 008 - FIXED-LENGTH DATA ELEMENTS--GENERAL INFORMATION | |
| fixed length control field | 090729s2012 ua |||||r|||| 00| 0 eng d |
| 082 ## - DEWEY DECIMAL CLASSIFICATION NUMBER | |
| Classification number | 344.02962 |
| Item number | ا د ر |
| Edition number | 22 |
| 110 ## - MAIN ENTRY--CORPORATE NAME | |
| Corporate name or jurisdiction name as entry element | الادارة العامة للشئون القانونية. |
| 9 (RLIN) | 33655 |
| 245 ## - TITLE STATEMENT | |
| Title | قانون التأمين الاجتماعى : |
| Remainder of title | الصادر بالقانون رقم 79 لسنة 1975 والقوانين المعدلة له / |
| Statement of responsibility, etc | إعداد ومراجعة الادارة العامة للشئون القانونية. |
| 250 ## - EDITION STATEMENT | |
| Edition statement | ط. 25. |
| 260 ## - PUBLICATION, DISTRIBUTION, ETC. (IMPRINT) | |
| Name of publisher, distributor, etc | القاهرة : |
| Date of publication, distribution, etc | الهيئة العامه لشئون المطابع الأميرية، |
| Place of publication, distribution, etc | 2012. |
| 300 ## - PHYSICAL DESCRIPTION | |
| Extent | 482 ص ؛ |
| Dimensions | 24 سم. |
| 650 ## - SUBJECT ADDED ENTRY--TOPICAL TERM | |
| Topical term or geographic name as entry element | التأمين الاجتماعي |
| General subdivision | قوانين وتشريعات |
| 9 (RLIN) | 20366 |
| Geographic subdivision | مصر |
| 700 1# - ADDED ENTRY--PERSONAL NAME | |
| Personal name | احمد، فاطمة الزهراء عباس |
| 9 (RLIN) | 8246 |
| 700 1# - ADDED ENTRY--PERSONAL NAME | |
| Personal name | حسن، حلمي عبد العظيم |
| 9 (RLIN) | 8247 |
| 710 ## - ADDED ENTRY--CORPORATE NAME | |
| Corporate name or jurisdiction name as entry element | Al Hayaa Al Ama Le Sheoon Al Matabea Al Amereya |
| 9 (RLIN) | 8248 |
| 942 ## - ADDED ENTRY ELEMENTS (KOHA) | |
| Item type | Book - Borrowing |
| Call number prefix | 344.02962 ا د ر |
| Source of classification or shelving scheme | Dewey Decimal Classification |
| Withdrawn status | Item status | Source of classification or shelving scheme | Damaged status | Not for loan | Vendor | Home library | Current library | Shelving location | Date acquired | Source of acquisition | Total Checkouts | Full call number | Barcode | Date last seen | Date last borrowed | Koha item type |
|---|---|---|---|---|---|---|---|---|---|---|---|---|---|---|---|---|
| Dewey Decimal Classification | Central Library | Central Library | First floor | 15/09/2013 | 2 | 344.02962 ا د ر | 000028855 | 15/07/2025 | 17/04/2014 | Book - Borrowing | ||||||
| Dewey Decimal Classification | Central Library | Central Library | First floor | 15/09/2013 | 1 | 344.02962 ا د ر | 000028856 | 15/07/2025 | 20/10/2022 | Book - Borrowing |